An Introduktion to Turbulence and its Measurement /
Uložené v:
| Hlavný autor: | |
|---|---|
| Médium: | Kniha |
| Jazyk: | English |
| Vydané: |
Oxford New York Toronto :
Pergamon Press,
1971.
|
| Vydanie: | 1. st ed. |
| ISBN: |
(brož.) |
| Fyzický popis: |
218 s. |
| Tagy: |
Pridať tag
Žiadne tagy, Buďte prvý kto otaguje tento záznam!
|
Titul je dostupný aj v ... 

MARC
| LEADER | 00000nam a2200000 a 4500 | ||
|---|---|---|---|
| 001 | 000211133 | ||
| 005 | 20091007002455.0 | ||
| 008 | 040101s1971 xxk e eng d | ||
| 020 | |a (brož.) | ||
| 040 | |a SVKKK |b slo |c SVKKK |e AACR2 | ||
| 041 | 0 | |a eng | |
| 044 | |a xxk |c GB | ||
| 100 | 1 | |a Bradshaw, P. |4 aut | |
| 245 | 1 | 0 | |a An Introduktion to Turbulence and its Measurement / |c P. Bradshaw. |
| 250 | |a 1. st ed. | ||
| 260 | |a Oxford |a New York |a Toronto : |b Pergamon Press, |c 1971. | ||
| 300 | |a 218 s. | ||
| 910 | |a svkkk | ||
| 998 | |a BK | ||
| 090 | |g SCKHL |k Sklad Pribinova 2. posch. |a II.192183 |j 447901 |i 2720136907 |s Absenčne | ||